00942cam a22002653a 45000010005000000030006000050050017000110080041000280400015000690420007000840500007000911000032000982450164001302600029002945060030003235160020003536530035003736530039004086530044004476530058004917000027005497000031005768300028006078560041006357959PGUSA20140828083150.0050401s2005||||xxu|||||s|||||000 | eng d aPGUSAbeng adc 4aPA1 aTacitus, Cornelius,d56-11714aThe Reign of Tiberius, Out of the First Six Annals of Tacitus; :bWith His Account of Germany, and Life of Agricolah[electronic resource] /cCornelius Tacitus bProject Gutenberg,c2005 aPublic domain in the USA. aElectronic text aAgricola, Gnaeus Julius, 40-93 aRome -- History -- Tiberius, 14-37 aGermanic peoples -- Early works to 1800 aStatesmen -- Rome -- Biography -- Early works to 18001 aGordon, Thomas,d-17501 aGalton, Arthur,d1852-1921 0aProject Gutenbergv795940uhttp://www.gutenberg.org/ebooks/7959